000
00293nam a2200121Ia 4500
008
190107s9999 xx 000 0 und d
020
_a
9788187326953
100
_a
J. Krishnamuri
245
4
_a
The awakening of intelligence
260
_b
Krishnamurti foundations
365
_b
495/-
942
_c
BK
999
_c
309
_d
309